[Event "Thüringenliga 2013/2014"]
[Site "?"]
[Date "2013.11.17"]
[Round "3"]
[White "Hausknecht, Matthias"]
[Black "Sobolevsky, Leonid"]
[Result "0-1"]
[WhiteElo "2137"]
[BlackElo "2242"]
[PlyCount "112"]
[EventDate "2013.??.??"]
[WhiteTeam "SV Medizin Erfurt"]
[BlackTeam "Schachzirkel Elstertal Langenberg"]

1. e4 e5 2. Nf3 Nc6 3. Bb5 a6 4. Bxc6 dxc6 5. O-O Bg4 6. h3 Bh5 7. g4 Bg6 8.
Nxe5 Qh4 9. Qf3 f6 10. Nxg6 hxg6 11. Kg2 g5 12. d3 Ne7 13. Rh1 O-O-O 14. Nd2
Qh7 15. Nc4 Ng6 16. Kf1 Nh4 17. Qe2 Be7 18. Be3 g6 19. f3 f5 20. Bf2 fxg4 21.
hxg4 Qg7 22. c3 Rhf8 23. Bxh4 gxh4 24. Kg2 Qf7 25. Rh3 Qe6 26. d4 Rf4 27. Ne5
Rdf8 28. Rf1 g5 29. Qc4 Qf6 30. Qe2 Qe6 31. Qc4 Qf6 32. Qe2 Qe6 33. b3 b5 34.
Nd3 R4f7 35. Ne5 Rf4 36. Nd3 R4f7 37. Qe3 Rd8 38. Ne5 Rff8 39. Nd3 a5 40. Rhh1
Qd6 41. Qf2 b4 42. cxb4 Qxd4 43. Qxd4 Rxd4 44. Ne5 Bxb4 45. Nxc6 Rd3 46. Nxb4
axb4 47. Rf2 Rfd8 48. Rc1 Rc3 49. Re1 Rdd3 50. e5 Re3 51. Rxe3 Rxe3 52. Rc2
Rxe5 53. Kf2 Kd7 54. f4 Re4 55. fxg5 Rxg4 56. Kf3 Rxg5 0-1

[Event "Thüringenliga 2013/2014"]
[Site "?"]
[Date "2013.11.17"]
[Round "3"]
[White "Watzke, Birger"]
[Black "Holzschuh, Stephan"]
[Result "1/2-1/2"]
[WhiteElo "2146"]
[BlackElo "2240"]
[PlyCount "32"]
[EventDate "2013.??.??"]
[WhiteTeam "Schachzirkel Elstertal Langenberg"]
[BlackTeam "SV Medizin Erfurt"]

1. c4 Nf6 2. Nc3 c5 3. Nf3 g6 4. d4 cxd4 5. Nxd4 Bg7 6. e4 O-O 7. Be3 d6 8. Be2
Nc6 9. O-O Bd7 10. f3 Nxd4 11. Bxd4 Bc6 12. Qd2 a5 13. Nd5 Nd7 14. Be3 Nc5 15.
Rab1 Bxd5 16. cxd5 Qb6 1/2-1/2

[Event "Thüringenliga 2013/2014"]
[Site "?"]
[Date "2013.11.17"]
[Round "3"]
[White "Kirschbaum, Gunnar"]
[Black "Frommelt, Hans-Jürgen"]
[Result "1-0"]
[WhiteElo "2069"]
[BlackElo "1951"]
[PlyCount "67"]
[EventDate "2013.??.??"]
[WhiteTeam "SV Medizin Erfurt"]
[BlackTeam "Schachzirkel Elstertal Langenberg"]

1. d4 d6 2. c4 Nd7 3. Nc3 Ngf6 4. Nf3 g6 5. e4 e5 6. d5 Bg7 7. Be2 O-O 8. Nd2
Ne8 9. h4 f5 10. h5 Ndf6 11. hxg6 hxg6 12. Nf3 Nxe4 13. Nxe4 fxe4 14. Ng5 Nf6
15. Be3 Bd7 16. Qd2 Qe8 17. Rh4 Bf5 18. O-O-O Qa4 19. Kb1 Rad8 20. g4 Bc8 21.
Rdh1 c6 22. Ne6 Bxe6 23. dxe6 Rfe8 24. Bh6 Rxe6 25. Bxg7 Kxg7 26. Qh6+ Kf7 27.
g5 Rg8 28. gxf6 Rxf6 29. Qh7+ Rg7 30. Qh8 Qb4 31. Rh7 Rxh7 32. Rxh7+ Ke6 33.
Bg4+ Rf5 34. Qe8+ 1-0

[Event "Thüringenliga 2013/2014"]
[Site "?"]
[Date "2013.11.17"]
[Round "3"]
[White "Streit, Michael"]
[Black "Nguyen, Huy Dat"]
[Result "0-1"]
[WhiteElo "1911"]
[BlackElo "1955"]
[PlyCount "212"]
[EventDate "2013.??.??"]
[WhiteTeam "Schachzirkel Elstertal Langenberg"]
[BlackTeam "SV Medizin Erfurt"]

1. e4 c5 2. Nf3 Nc6 3. Bc4 g6 4. d4 cxd4 5. Nxd4 Bg7 6. Be3 Qa5+ 7. c3 Nf6 8.
Nd2 O-O 9. N2b3 Qc7 10. Bd3 d5 11. Nb5 Qd8 12. exd5 Nxd5 13. Qe2 Nxe3 14. Qxe3
a6 15. N5d4 Nxd4 16. Nxd4 e5 17. Nb3 b6 18. O-O Be6 19. Rad1 Qc7 20. Rd2 a5 21.
Rfd1 a4 22. Nc1 a3 23. b3 Qxc3 24. Qxb6 Qa5 25. Qe3 Rac8 26. h3 Rfd8 27. Ne2
Rd7 28. Be4 Rxd2 29. Rxd2 Bxb3 30. Rd3 Bxa2 31. Rxa3 Qe1+ 32. Kh2 Be6 33. Qf3
Bf8 34. Rc3 Rxc3 35. Nxc3 Bc5 36. Nd1 Bd6 37. Qd3 Qb4 38. g3 Qd4 39. Qc2 Bb3
40. Qxb3 Qxe4 41. Qb5 Qf3 42. Qa4 e4 43. Qc2 h5 44. Qd2 Bf8 45. h4 Kh7 46. Qd4
Bg7 47. Qd5 f5 48. Qd6 f4 49. Qxf4 Qxd1 50. Qxe4 Qd4 51. Qf3 Kg8 52. Kg2 Qf6
53. Qd5+ Kf8 54. Qa8+ Kf7 55. Qd5+ Ke7 56. Qe4+ Kd6 57. Qb4+ Kc7 58. Qa5+ Qb6
59. Qg5 Qc6+ 60. Kg1 Bd4 61. Qf4+ Qd6 62. Qf7+ Kb6 63. Qb3+ Kc7 64. Qf7+ Kd8
65. Qf3 Qf6 66. Qd5+ Ke7 67. Qe4+ Kf8 68. Qa8+ Kg7 69. Qb7+ Kh6 70. Qg2 Qf5 71.
Qf1 Qf3 72. Qc1+ Kg7 73. Qc7+ Qf7 74. Qc2 Qe7 75. Qd2 Qe5 76. Kg2 Kf6 77. Kh2
Qe4 78. Qg5+ Ke6 79. Qd2 Be5 80. Qa2+ Kf6 81. Kg1 Qf3 82. Qa6+ Kg7 83. Qc8 Bxg3
84. Qd7+ Kh6 85. fxg3 Qxg3+ 86. Kf1 Qxh4 87. Qf7 Qh3+ 88. Kg1 Qe3+ 89. Kh2 Kg5
90. Qd5+ Kf6 91. Qd6+ Kf5 92. Qf8+ Kg4 93. Qc8+ Kf3 94. Qc6+ Qe4 95. Qc3+ Kg4
96. Qg3+ Kf5 97. Qh3+ Ke5 98. Qc3+ Kf5 99. Qh3+ Kf6 100. Qf1+ Qf5 101. Qa6+ Kg7
102. Qa1+ Kh6 103. Qc1+ g5 104. Qc6+ Qg6 105. Qc1 Qf6 106. Qd1 h4 0-1

[Event "Thüringenliga 2013/2014"]
[Site "?"]
[Date "2013.11.17"]
[Round "3"]
[White "Reichel, Norbert"]
[Black "Streit, Jürgen"]
[Result "1-0"]
[WhiteElo "2053"]
[BlackElo "1743"]
[PlyCount "46"]
[EventDate "2013.??.??"]
[WhiteTeam "SV Medizin Erfurt"]
[BlackTeam "Schachzirkel Elstertal Langenberg"]

1. c4 c5 2. Nc3 Nf6 3. g3 e6 4. Nf3 b6 5. Bg2 Bb7 6. O-O Be7 7. d4 cxd4 8. Nxd4
Bxg2 9. Kxg2 a6 10. e4 d6 11. f4 O-O 12. Qf3 Ra7 13. b3 Qc8 14. Bb2 Nc6 15.
Nce2 Qa8 16. Rfe1 Rc8 17. Nxc6 Qxc6 18. Nd4 Qa8 19. a4 Rd7 20. f5 e5 21. Nc2 d5
22. exd5 Rxd5 23. cxd5 Rxc2+ {Handy klingelte bei Schwarz} 1-0

[Event "Thüringenliga 2013/2014"]
[Site "?"]
[Date "2013.11.17"]
[Round "3"]
[White "Schaudin, Andreas"]
[Black "Müller-Ludwig, Kristin"]
[Result "0-1"]
[WhiteElo "1650"]
[BlackElo "2059"]
[PlyCount "61"]
[EventDate "2013.??.??"]
[WhiteTeam "Schachzirkel Elstertal Langenberg"]
[BlackTeam "SV Medizin Erfurt"]

1. Nf3 g6 2. d4 Bg7 3. e3 d6 4. Be2 Nd7 5. O-O Ngf6 6. c4 O-O 7. Nc3 e5 8. Qc2
Re8 9. Rd1 c6 10. dxe5 dxe5 11. e4 Qe7 12. Bg5 Nc5 13. Rab1 a5 14. a3 Bg4 15.
b4 axb4 16. axb4 Ne6 17. Be3 Nh5 18. g3 Ra3 19. Kg2 Rea8 20. h3 Bxf3+ 21. Bxf3
Nd4 22. Qd2 Qe6 23. Bxh5 gxh5 24. c5 Qf6 25. f4 Nb3 26. Rxb3 Rxb3 27. Ne2 exf4
28. Bxf4 Rb2 29. Qd3 Qe6 30. e5 Bxe5 31. Qe4 0-1

[Event "Thüringenliga 2013/2014"]
[Site "?"]
[Date "2013.11.17"]
[Round "3"]
[White "Jakob, Matthias"]
[Black "Janisch, Manfred"]
[Result "1/2-1/2"]
[WhiteElo "1908"]
[BlackElo "1741"]
[PlyCount "46"]
[EventDate "2013.??.??"]
[WhiteTeam "SV Medizin Erfurt"]
[BlackTeam "Schachzirkel Elstertal Langenberg"]

1. d4 d5 2. Nf3 Nf6 3. e3 e6 4. Bd3 Bd6 5. Nbd2 Nbd7 6. O-O O-O 7. c4 c6 8. e4
dxe4 9. Nxe4 Be7 10. Nc3 h6 11. Qe2 b6 12. Be3 Bd6 13. Rad1 Qc7 14. h3 Bb7 15.
Qd2 Rfe8 16. Bb1 Rad8 17. a3 a6 18. Qc2 c5 19. d5 e5 20. Nd2 Nf8 21. Nde4 Nxe4
22. Nxe4 Bc8 23. Nxd6 Qxd6 1/2-1/2

[Event "Thüringenliga 2013/2014"]
[Site "?"]
[Date "2013.12.08"]
[Round "4"]
[White "Philipp, Michael"]
[Black "Langheinrich, Ferenc"]
[Result "1/2-1/2"]
[WhiteElo "1963"]
[BlackElo "2390"]
[PlyCount "83"]
[EventDate "2013.??.??"]
[WhiteTeam "SSV Vimaria 91 Weimar"]
[BlackTeam "ESV Lok Sömmerda"]

1. e4 c5 2. c3 Nf6 3. e5 Nd5 4. d4 cxd4 5. Nf3 Nc6 6. cxd4 d6 7. Bc4 Nb6 8. Bb5
a6 9. Bxc6+ bxc6 10. Qc2 Bb7 11. e6 f6 12. O-O g6 13. Nh4 Qc8 14. Qb3 Nd5 15.
Nc3 Rb8 16. Nxd5 cxd5 17. Qh3 Bg7 18. Bd2 O-O 19. Rac1 Bc6 20. Rc2 Qb7 21. Rfc1
Rfc8 22. f4 Be8 23. f5 Rxc2 24. Rxc2 g5 25. Nf3 Qb5 26. Ne1 Qa4 27. Qc3 Bf8 28.
b3 Qb5 29. g4 h5 30. h3 hxg4 31. hxg4 a5 32. Nd3 a4 33. Kf2 Bc6 34. bxa4 Qxa4
35. Ke3 Bb5 36. Nc1 Bc4 37. Be1 Ba6 38. Qd2 Rb1 39. Kf2 Qb5 40. Ne2 Kg7 41. Ng3
Kg8 42. Ne2 1/2-1/2

[Event "Thüringenliga 2013/2014"]
[Site "?"]
[Date "2013.12.08"]
[Round "4"]
[White "Krüger, Rainer"]
[Black "Albrecht, Jürgen"]
[Result "1/2-1/2"]
[WhiteElo "2074"]
[BlackElo "2053"]
[PlyCount "54"]
[EventDate "2013.??.??"]
[WhiteTeam "ESV Lok Sömmerda"]
[BlackTeam "SSV Vimaria 91 Weimar"]

1. Nf3 Nf6 2. g3 g6 3. Bg2 Bg7 4. O-O O-O 5. c4 d6 6. d4 Nbd7 7. Nc3 e5 8. h3
c6 9. e4 exd4 10. Nxd4 Re8 11. Be3 a5 12. Qc2 Nc5 13. b3 Nfd7 14. Rad1 Qc7 15.
Rfe1 Nb6 16. Re2 Nbd7 17. Red2 Bf8 18. Nde2 Ne5 19. f4 Ned7 20. Bd4 Nb6 21. f5
a4 22. Nf4 axb3 23. axb3 Ncd7 24. Nd3 Nc5 25. b4 Nxd3 26. Qxd3 Nd7 27. Ne2 Ne5
1/2-1/2

[Event "Thüringenliga 2013/2014"]
[Site "?"]
[Date "2013.12.08"]
[Round "4"]
[White "Mysliwiec, Jörg"]
[Black "Wanzek, Daniel"]
[Result "1-0"]
[WhiteElo "2059"]
[BlackElo "2071"]
[PlyCount "57"]
[EventDate "2013.??.??"]
[WhiteTeam "SSV Vimaria 91 Weimar"]
[BlackTeam "ESV Lok Sömmerda"]

1. b3 e5 2. Bb2 Nc6 3. e3 g6 4. Nf3 Bg7 5. Bb5 Nge7 6. O-O O-O 7. d4 e4 8. Nfd2
d5 9. c4 a6 10. cxd5 axb5 11. dxc6 f5 12. cxb7 Bxb7 13. Nc3 f4 14. Ncxe4 f3 15.
gxf3 Nf5 16. f4 Qh4 17. Qf3 Rae8 18. Rac1 Ba8 19. Rxc7 Qd8 20. Rfc1 Nd6 21.
Rxg7+ Kxg7 22. d5+ Kg8 23. Ng5 Nf7 24. Nxf7 Rxf7 25. e4 Rc7 26. Nc4 bxc4 27.
Qc3 Rxe4 28. Qh8+ Kf7 29. Qxd8 1-0

[Event "Thüringenliga 2013/2014"]
[Site "?"]
[Date "2013.12.08"]
[Round "4"]
[White "Siegemund, Joachim"]
[Black "Stiefel, Roland"]
[Result "0-1"]
[WhiteElo "2000"]
[BlackElo "1960"]
[PlyCount "84"]
[EventDate "2013.??.??"]
[WhiteTeam "ESV Lok Sömmerda"]
[BlackTeam "SSV Vimaria 91 Weimar"]

1. Nf3 c5 2. c4 Nf6 3. Nc3 d6 4. g3 b6 5. Bg2 Bb7 6. O-O a6 7. d4 cxd4 8. Nxd4
Bxg2 9. Kxg2 e6 10. e4 Qc7 11. Qe2 Be7 12. Be3 Nbd7 13. Rac1 O-O 14. b3 Rfe8
15. f3 Bf8 16. h3 Qb7 17. Qf2 Ne5 18. Rfd1 Rac8 19. g4 Nfd7 20. Rc2 Nc5 21.
Rcd2 Be7 22. Nde2 b5 23. cxb5 axb5 24. Bxc5 Rxc5 25. Qe3 Ng6 26. f4 Rec8 27.
Kh2 Qc7 28. Rd3 b4 29. Na4 Rc2 30. R3d2 d5 31. Rxc2 Qxc2 32. Rc1 Qxe2+ 33. Qxe2
Rxc1 34. Qd2 Rc8 35. Kg2 dxe4 36. f5 exf5 37. gxf5 Nh4+ 38. Kf1 Rd8 39. Qf4 Nf3
40. Qc7 Bh4 41. Nb2 h6 42. Qc2 Rd2 0-1

[Event "Thüringenliga 2013/2014"]
[Site "?"]
[Date "2013.12.08"]
[Round "4"]
[White "Gulich, Christian"]
[Black "Kalisch, Michael"]
[Result "1-0"]
[WhiteElo "1962"]
[BlackElo "1978"]
[PlyCount "80"]
[EventDate "2013.??.??"]
[WhiteTeam "SSV Vimaria 91 Weimar"]
[BlackTeam "ESV Lok Sömmerda"]

1. e4 c6 2. d4 d5 3. Nc3 dxe4 4. Nxe4 Nf6 5. Nxf6+ gxf6 6. c3 Qd5 7. h3 Bf5 8.
Nf3 Be4 9. Nd2 Bg6 10. Qb3 Qxb3 11. Nxb3 Nd7 12. Be3 e6 13. O-O-O Rg8 14. Rg1
Bd6 15. Be2 f5 16. g3 Nf6 17. c4 Rc8 18. Nc5 b6 19. Nd3 Bh5 20. Bxh5 Nxh5 21.
Kb1 Nf6 22. b3 Ne4 23. Kb2 f6 24. f3 Ng5 25. Bf4 Bxf4 26. gxf4 Kf7 27. fxg5
fxg5 28. Rge1 h5 29. Ne5+ Kf6 30. d5 Rgd8 31. d6 c5 32. d7 Rc7 33. Rd6 f4 34.
Nc6 Rdxd7 35. Rexe6+ Kg7 36. Rg6+ Kh7 37. Rh6+ Kg8 38. Rdg6+ Rg7 39. Ne5 Rce7
40. Rxg7+ Rxg7 1-0

[Event "Thüringenliga 2013/2014"]
[Site "?"]
[Date "2013.12.08"]
[Round "4"]
[White "Kühn, Martin"]
[Black "Riedel, Finn"]
[Result "1/2-1/2"]
[WhiteElo "1937"]
[BlackElo "1981"]
[PlyCount "84"]
[EventDate "2013.??.??"]
[WhiteTeam "ESV Lok Sömmerda"]
[BlackTeam "SSV Vimaria 91 Weimar"]

1. d4 Nf6 2. c4 c5 3. d5 b5 4. cxb5 a6 5. bxa6 Bxa6 6. Nc3 g6 7. e4 Bxf1 8.
Kxf1 d6 9. g3 Bg7 10. Kg2 O-O 11. Nf3 Nbd7 12. Qc2 Qb6 13. a4 Rfb8 14. Nb5 Qd8
15. Bd2 Nb6 16. b3 Qc8 17. Bc3 Qg4 18. Rhe1 Nh5 19. Qd2 Bxc3 20. Nxc3 Qc8 21.
Rab1 Nd7 22. Nb5 Nhf6 23. Qe2 Qb7 24. Nd2 h6 25. Nc4 Kh7 26. f3 Qc8 27. Qd2 Qd8
28. Ra1 Ra6 29. g4 Nb6 30. Qd3 Nxc4 31. bxc4 Nd7 32. f4 Rba8 33. Qc2 Nb6 34. e5
Rxa4 35. Rxa4 Rxa4 36. exd6 exd6 37. Re4 Qf6 38. Kg3 Rb4 39. Qd3 Qb2 40. Re2
Rb3 41. Rxb2 Rxd3+ 42. Kf2 Nxc4 1/2-1/2

[Event "Thüringenliga 2013/2014"]
[Site "?"]
[Date "2013.12.08"]
[Round "4"]
[White "Rensch, Toralf"]
[Black "Kirste, Olaf"]
[Result "1-0"]
[WhiteElo "1986"]
[BlackElo "1861"]
[PlyCount "51"]
[EventDate "2013.??.??"]
[WhiteTeam "SSV Vimaria 91 Weimar"]
[BlackTeam "ESV Lok Sömmerda"]

1. e4 c5 2. Nf3 e6 3. b3 d6 4. Bb2 Nf6 5. e5 dxe5 6. Nxe5 Be7 7. Bb5+ Nbd7 8.
f4 O-O 9. Qf3 Nd5 10. Nc3 N7f6 11. a3 Nxc3 12. Bxc3 Qd5 13. O-O Qxf3 14. Rxf3
Ne4 15. Ba5 Nd6 16. Bd3 b6 17. Rh3 g6 18. Bc3 Bf6 19. Re1 Kg7 20. g4 Rd8 21. g5
Bxe5 22. Bxe5+ Kg8 23. Rh6 Ne8 24. Re3 Ng7 25. Reh3 Nh5 26. Rxh7 1-0

[Event "Thüringenliga 2013/2014"]
[Site "?"]
[Date "2013.12.08"]
[Round "4"]
[White "Vogel, Alfred"]
[Black "Gräf, Michael"]
[Result "1/2-1/2"]
[WhiteElo "1799"]
[BlackElo "1851"]
[PlyCount "83"]
[EventDate "2013.??.??"]
[WhiteTeam "ESV Lok Sömmerda"]
[BlackTeam "SSV Vimaria 91 Weimar"]

1. e4 e6 2. d4 d5 3. e5 c5 4. Qg4 cxd4 5. Nf3 Nc6 6. Bd3 Nge7 7. O-O g6 8. a3
Nf5 9. Re1 h5 10. Qh3 Be7 11. g4 Nh4 12. Nbd2 Bd7 13. b4 a6 14. Nb3 Nxf3+ 15.
Qxf3 Qc7 16. Qe2 hxg4 17. Bf4 f5 18. b5 axb5 19. Bxb5 Kf7 20. Bxc6 bxc6 21.
Nxd4 Rxa3 22. Rxa3 Bxa3 23. c4 Qb6 24. Nc2 Be7 25. Qd2 Rb8 26. Bg5 Qd8 27. Bxe7
Qxe7 28. Qh6 Qf8 29. Qg5 Qh8 30. h4 gxh3 31. Kh2 Qg7 32. f4 Rb2 33. Re2 Qh8 34.
Nd4 Rxe2+ 35. Nxe2 dxc4 36. Nc3 c5 37. Ne2 Bc8 38. Nc3 Bd7 39. Ne2 Bc6 40. Nc3
Bd5 41. Nb5 Qg7 42. Qd8 1/2-1/2

[Event "Thüringenliga 2013/2014"]
[Site "?"]
[Date "2013.12.08"]
[Round "4"]
[White "Kottwitz, Daniel"]
[Black "Vökler, Bernd"]
[Result "0-1"]
[WhiteElo "1913"]
[BlackElo "2320"]
[PlyCount "60"]
[EventDate "2013.??.??"]
[WhiteTeam "Schachzirkel Elstertal Langenberg"]
[BlackTeam "Erfurter Schachklub"]

1. e4 c5 2. Nf3 d6 3. c4 e5 4. Nc3 g6 5. d3 Nc6 6. Be3 Nd4 7. h3 Bg7 8. Be2 Ne7
9. Qd2 h6 10. Nh2 f5 11. f3 Be6 12. Bd1 f4 13. Bxd4 cxd4 14. Ba4+ Nc6 15. Nd5
O-O 16. O-O-O Kh7 17. Kb1 a6 18. Rdg1 Rb8 19. g3 b5 20. Bd1 bxc4 21. dxc4 Na5
22. Be2 h5 23. h4 fxg3 24. Rxg3 Bh6 25. Qe1 Bxd5 26. exd5 Qb6 27. b4 Qxb4+ 28.
Qxb4 Rxb4+ 29. Ka1 Bd2 30. a3 Bc3+ 0-1

[Event "Thüringenliga 2013/2014"]
[Site "?"]
[Date "2013.12.08"]
[Round "4"]
[White "Brüggemann, Joachim"]
[Black "Sobolevsky, Leonid"]
[Result "1-0"]
[WhiteElo "2253"]
[BlackElo "2242"]
[PlyCount "83"]
[EventDate "2013.??.??"]
[WhiteTeam "Erfurter Schachklub"]
[BlackTeam "Schachzirkel Elstertal Langenberg"]

1. e4 e5 2. Nf3 Nc6 3. Bb5 a6 4. Ba4 Bc5 5. O-O b5 6. Bb3 d6 7. a4 b4 8. d3 Nf6
9. Be3 Bxe3 10. fxe3 O-O 11. Nbd2 Na5 12. Ba2 Bd7 13. Qe1 Qe8 14. Nh4 Nh5 15.
Nf5 Be6 16. Bd5 Bxd5 17. exd5 g6 18. Qh4 Qd8 19. Ne7+ Kg7 20. g4 Re8 21. Nf5+
Kh8 22. Qxd8 Raxd8 23. Nh6 Kg7 24. Nxf7 Rd7 25. Ng5 Nf6 26. Ne6+ Rxe6 27. dxe6
Re7 28. g5 Nd5 29. Rf3 Rxe6 30. Raf1 Re7 31. b3 Nc3 32. Rf8 Nd5 33. R8f3 h6 34.
gxh6+ Kxh6 35. Nc4 Nc6 36. Rf7 Re6 37. R1f3 g5 38. Rh3+ Kg6 39. Rfh7 e4 40.
R3h6+ Kf5 41. Rf7+ Kg4 42. Rxe6 1-0

[Event "Thüringenliga 2013/2014"]
[Site "?"]
[Date "2013.12.08"]
[Round "4"]
[White "Watzke, Birger"]
[Black "Steinacker, Alex"]
[Result "1/2-1/2"]
[WhiteElo "2146"]
[BlackElo "2140"]
[PlyCount "49"]
[EventDate "2013.??.??"]
[WhiteTeam "Schachzirkel Elstertal Langenberg"]
[BlackTeam "Erfurter Schachklub"]

1. c4 Nf6 2. Nc3 g6 3. g3 Bg7 4. Bg2 O-O 5. e3 e5 6. Nge2 c6 7. d4 d6 8. O-O
Nbd7 9. b3 Re8 10. Ba3 Nf8 11. Qd2 e4 12. Rac1 Bf5 13. h3 h5 14. Kh2 N8h7 15.
b4 Qd7 16. Nf4 g5 17. Nfe2 h4 18. gxh4 gxh4 19. Nf4 Kh8 20. d5 cxd5 21. Ncxd5
Nxd5 22. cxd5 Be5 23. Bb2 f6 24. Qe2 Rg8 25. Bxe5 1/2-1/2

[Event "Thüringenliga 2013/2014"]
[Site "?"]
[Date "2013.12.08"]
[Round "4"]
[White "Streltsyn, Grygoriy"]
[Black "Frommelt, Hans-Jürgen"]
[Result "0-1"]
[WhiteElo "2124"]
[BlackElo "1951"]
[PlyCount "112"]
[EventDate "2013.??.??"]
[WhiteTeam "Erfurter Schachklub"]
[BlackTeam "Schachzirkel Elstertal Langenberg"]

1. d4 c5 2. d5 e6 3. e4 Nf6 4. Nc3 exd5 5. exd5 d6 6. Bb5+ Bd7 7. a4 Be7 8. Nf3
O-O 9. Nd2 a6 10. Bd3 Re8 11. O-O Bg4 12. f3 Bh5 13. Nc4 Nbd7 14. a5 b5 15.
axb6 Nxb6 16. Nxb6 Qxb6 17. Kh1 Bg6 18. Bxg6 hxg6 19. Qd3 Qb7 20. b3 Nd7 21.
Bf4 Nb6 22. Rfd1 Red8 23. Na4 Bf6 24. Nxb6 Qxb6 25. Ra4 Re8 26. g4 g5 27. Bg3
Bd4 28. Rxd4 cxd4 29. Qxd4 Qxd4 30. Rxd4 Rac8 31. c4 Red8 32. Kg2 Rb8 33. Rd3
Rb7 34. Kf2 a5 35. Ke3 a4 36. bxa4 Rb4 37. Kd4 Rxa4 38. f4 gxf4 39. Bxf4 f6 40.
Bg3 Kf7 41. Rb3 Rc8 42. Rc3 Ke7 43. Re3+ Kd7 44. Rc3 g6 45. h4 f5 46. gxf5 gxf5
47. Bf4 Ra1 48. h5 Rf1 49. Bc1 Rg8 50. Rc2 Rf3 51. Be3 Rg4+ 52. Kd3 f4 53. Ra2
Rxe3+ 54. Kd4 Rb3 55. Ra7+ Kc8 56. Ra8+ Kb7 0-1

[Event "Thüringenliga 2013/2014"]
[Site "?"]
[Date "2013.12.08"]
[Round "4"]
[White "Streit, Michael"]
[Black "Duzy, Stefan"]
[Result "0-1"]
[WhiteElo "1911"]
[BlackElo "1923"]
[PlyCount "84"]
[EventDate "2013.??.??"]
[WhiteTeam "Schachzirkel Elstertal Langenberg"]
[BlackTeam "Erfurter Schachklub"]

1. e4 c5 2. Nf3 d6 3. Bc4 e6 4. Nc3 Nf6 5. d4 cxd4 6. Nxd4 Be7 7. Be3 O-O 8.
O-O a6 9. a4 Nc6 10. Qe2 Qc7 11. Nb3 Ng4 12. Bf4 Nge5 13. a5 Nd4 14. Nxd4 Nxc4
15. Bc1 Nxa5 16. Kh1 Bf6 17. Rd1 b5 18. f4 Bb7 19. Rd3 Nc6 20. Be3 b4 21. Nd1
a5 22. Rd2 Nxd4 23. Bxd4 e5 24. fxe5 dxe5 25. Bg1 Bg5 26. Be3 Bxe3 27. Qxe3 Qc4
28. Nf2 a4 29. h3 Ra6 30. Rd7 Bc8 31. Rd2 Be6 32. Qg3 f6 33. Qe3 Rfa8 34. b3
axb3 35. Rxa6 Rxa6 36. Rd8+ Kf7 37. cxb3 Qxb3 38. Qc5 Qc4 39. Qf8+ Kg6 40. Rb8
Qf1+ 41. Kh2 Qxf2 42. Rb7 Qf4+ 0-1

[Event "Thüringenliga 2013/2014"]
[Site "?"]
[Date "2013.12.08"]
[Round "4"]
[White "Schneider, Thomas"]
[Black "Streit, Jürgen"]
[Result "1-0"]
[WhiteElo "1864"]
[BlackElo "1743"]
[PlyCount "57"]
[EventDate "2013.??.??"]
[WhiteTeam "Erfurter Schachklub"]
[BlackTeam "Schachzirkel Elstertal Langenberg"]

1. d4 Nf6 2. Bg5 d5 3. e3 Ne4 4. Bh4 c6 5. Nd2 Qa5 6. c3 Bf5 7. Ngf3 Nd7 8.
Nxe4 dxe4 9. Nd2 h6 10. Bc4 e6 11. O-O g5 12. Bg3 h5 13. f3 h4 14. Be1 exf3 15.
Qxf3 Bd6 16. e4 Bg6 17. Bd3 O-O-O 18. Nc4 Qc7 19. Nxd6+ Qxd6 20. Bc2 Qe7 21.
Bf2 Rdg8 22. b4 g4 23. Qxg4 Bf5 24. Bxh4 Qf8 25. Qf4 Rg4 26. Qf3 Rgxh4 27. exf5
Rxh2 28. fxe6 Nb6 29. Bf5 1-0

[Event "Thüringenliga 2013/2014"]
[Site "?"]
[Date "2013.12.08"]
[Round "4"]
[White "Schaudin, Andreas"]
[Black "Troyke, Doreen"]
[Result "1/2-1/2"]
[WhiteElo "1650"]
[BlackElo "1980"]
[PlyCount "55"]
[EventDate "2013.??.??"]
[WhiteTeam "Schachzirkel Elstertal Langenberg"]
[BlackTeam "Erfurter Schachklub"]

1. Nf3 d5 2. b3 Nf6 3. Bb2 e6 4. g3 c5 5. Bg2 Nc6 6. d3 Be7 7. Nbd2 O-O 8. O-O
Qc7 9. Re1 Rd8 10. Qc1 b6 11. c4 Bb7 12. cxd5 exd5 13. a3 d4 14. Qc2 Qd7 15.
Rac1 h6 16. Nc4 Rab8 17. Rcd1 Nd5 18. e4 Nf6 19. Bc1 Rbc8 20. Nh4 b5 21. Nb2
Ne5 22. Qe2 c4 23. f4 Nxd3 24. Nxd3 cxd3 25. Rxd3 Rc3 26. Bb2 Rxd3 27. Qxd3 g6
28. h3 1/2-1/2

[Event "Thüringenliga 2013/2014"]
[Site "?"]
[Date "2013.12.08"]
[Round "4"]
[White "Fischer, Dieter"]
[Black "Janisch, Manfred"]
[Result "1-0"]
[WhiteElo "1903"]
[BlackElo "1741"]
[PlyCount "123"]
[EventDate "2013.??.??"]
[WhiteTeam "Erfurter Schachklub"]
[BlackTeam "Schachzirkel Elstertal Langenberg"]

1. e4 c5 2. Nc3 e6 3. f4 a6 4. Nf3 Nc6 5. a4 Be7 6. Bc4 d6 7. O-O Nf6 8. d3 O-O
9. Qe1 Qc7 10. Qg3 Rd8 11. f5 e5 12. Bh6 Bf8 13. Bg5 Kh8 14. Nd5 Nxd5 15. Bxd8
Qxd8 16. Bxd5 f6 17. Nh4 Ne7 18. Bc4 Bd7 19. a5 Be8 20. Qf3 Nc6 21. Ng6+ Bxg6
22. fxg6 h6 23. Bd5 Nxa5 24. Qf5 Nc6 25. Bxc6 bxc6 26. Ra4 d5 27. Rfa1 a5 28.
Qe6 dxe4 29. Rxe4 Qb6 30. Qb3 Qa7 31. Qc4 Rb8 32. b3 Be7 33. Ra4 Rf8 34. g3 Qc7
35. Re1 Bd8 36. Kg2 Qe7 37. Qe4 Qd6 38. Qf5 Bc7 39. Ree4 Kg8 40. h4 Qd5 41. Kh3
Qd6 42. Ra1 Qd5 43. Rf1 Bd8 44. g4 Be7 45. Ra4 Bd8 46. Qe4 Qd6 47. Rf5 Bc7 48.
Ra1 Rb8 49. Ra4 Rf8 50. g5 Bd8 51. gxh6 gxh6 52. g7 Rf7 53. Qg2 Qd7 54. Qf3 Bc7
55. Rg4 Qd6 56. Qe4 Qe6 57. Kg2 Qd7 58. Kf3 Bd8 59. Rg6 Qe6 60. h5 Qd7 61. Rxh6
Rxg7 62. Rg6 1-0

[Event "Thüringenliga 2013/2014"]
[Site "?"]
[Date "2013.12.08"]
[Round "4"]
[White "Feld-Gerdes, Wolfgang"]
[Black "Hausknecht, Matthias"]
[Result "0-1"]
[WhiteElo "1997"]
[BlackElo "2137"]
[PlyCount "110"]
[EventDate "2013.??.??"]
[WhiteTeam "SC Suhl"]
[BlackTeam "SV Medizin Erfurt"]

1. e4 e5 2. Nf3 Nc6 3. d4 exd4 4. Bc4 Nf6 5. e5 d5 6. Bb5 Ne4 7. Nxd4 Bc5 8.
Be3 Bd7 9. Bxc6 bxc6 10. O-O O-O 11. f3 Ng5 12. f4 Ne4 13. Nd2 Nxd2 14. Qxd2
Bb6 15. Nb3 Bf5 16. Nc5 Qe7 17. Qc3 a5 18. a4 f6 19. Bd4 fxe5 20. fxe5 Bg6 21.
Rae1 Rxf1+ 22. Rxf1 Rf8 23. Rxf8+ Kxf8 24. h3 Kg8 25. Kh2 Qf7 26. b4 Qf4+ 27.
Kh1 Qf1+ 28. Kh2 Qf4+ 29. Kh1 Qc1+ 30. Kh2 Qxc2 31. e6 axb4 32. Qxb4 Be4 33.
Nxe4 Qxe4 34. Bc5 Qxb4 35. Bxb4 c5 36. Ba3 Kf8 37. a5 Ba7 38. Bb2 d4 39. Bc1 c4
40. Kg3 Ke7 41. Kf4 Kxe6 42. Ke4 Kd6 43. Bf4+ Kc6 44. Be5 g6 45. g4 c3 46. Kd3
Kb7 47. h4 c5 48. Kc4 Ka6 49. Bc7 c2 50. Bf4 Kxa5 51. Kd3 Kb4 52. Kxc2 c4 53.
h5 Kc5 54. hxg6 hxg6 55. Bg5 Kd5 0-1

[Event "Thüringenliga 2013/2014"]
[Site "?"]
[Date "2013.12.08"]
[Round "4"]
[White "Holzschuh, Stephan"]
[Black "Koch, Stefan"]
[Result "1-0"]
[WhiteElo "2240"]
[BlackElo "1862"]
[PlyCount "115"]
[EventDate "2013.??.??"]
[WhiteTeam "SV Medizin Erfurt"]
[BlackTeam "SC Suhl"]

1. e4 d5 2. exd5 Qxd5 3. Nc3 Qd6 4. d4 Nf6 5. Bd3 c6 6. Nge2 Bg4 7. f3 Bh5 8.
Bf4 Qb4 9. a3 Qb6 10. Qd2 Nbd7 11. Na4 Qd8 12. c4 e6 13. O-O-O Be7 14. h4 Bg6
15. Qc2 Bxd3 16. Rxd3 O-O 17. Nac3 b5 18. cxb5 cxb5 19. Nxb5 Qa5 20. Nc7 Rac8
21. Rc3 Nb6 22. b4 Qa4 23. Qxa4 Nxa4 24. Rc2 Rfd8 25. Na6 Nd5 26. Bd2 Bf6 27.
Nc5 Nab6 28. g4 Nc7 29. Bg5 Nb5 30. Bxf6 gxf6 31. Rd1 Nxa3 32. Ra2 Nbc4 33. Rd3
Nb5 34. Kc2 Kg7 35. Kb3 Ncd6 36. Ra5 Rb8 37. Nf4 f5 38. g5 h6 39. Nh5+ Kg6 40.
Nf4+ Kg7 41. g6 Re8 42. Nd7 Rbc8 43. Nc5 fxg6 44. Nfxe6+ Kf6 45. d5 Re7 46. f4
Rb8 47. Ka4 Kf7 48. Kb3 Rc8 49. Ra1 Ra8 50. Rg3 Rg8 51. Rag1 h5 52. Nd3 Rxe6
53. dxe6+ Kxe6 54. Nc5+ Kf7 55. Rd3 Re8 56. Rgd1 Ke7 57. Ka4 Rd8 58. Re1+ 1-0